000 00678nam a2200205 i 4500
001 26624
003 ES-MaACL
005 20250730153543.0
007 t|
008 030109s1964 sp ||||1| spa d
100 1 _aArranz Velarde, F.
_923227
245 1 3 _aEl oro de tierra firme
_b: (según las crónicas del siglo XVI) /
_cF. Arranz Velarde.
260 _aMadrid :
_b[s.n.],
_c1964 (
_fImp. Góngora)
300 _a246 p. ;
_c18 cm.
490 1 _aViajes y aventuras
651 4 _aAmérica española-
_xHistoria-
_y1492-1600 (Descubrimiento y conquista)
_97724
830 0 _aViajes y aventuras
_9187087
852 _aES-MaACL
_jC-26958
_bR.54776
999 _c26624
_d26624